JAKĄ FORMĄ TRANSPORTU MOŻNA SIĘ PORUSZAĆ BEZ KÓŁ? - Statystyki

Ogólne statystyki
  • Ten quiz został rozwiązany 31 razy
  • Średni wynik to 2 z 6
Statystyki odpowiedzi
Odpowiedź % Poprawnych
SAMOLOTEM
77%
STATKIEM
59%
BALONEM
32%
PIECHOTĄ
27%
KONNO
9%
LOTNIĄ
9%
Nie znaleziono quizów pasujących do podanych kryteriów
Rozkład punktacji
Procent ludzi z każdym wynikiem
Percentyl według liczby udzielonych odpowiedzi
Twoja historia wyników
Nie rozwiązałeś tego quizu